000 00786nam a22002297a 4500
003 UA-OsUOA
001 87461
007 ta
008 20120919b un ||||| |||| 00| 0 ukr d
100 _aБронзенко Т.
700 _aЧепела О.
090 _a81
_bБ88
942 _cSA
040 _aUA-OsUOA
_bukr
_cUA-OsUOA
_dUA-OsUOA
245 _aПрислів'я та приказки в контексті уроку української мови і літератури
300 _aС.39-47
955 _a0
041 _aukr
080 _a81
773 0 _w87457
_tУкраїнська мова і література в школі
_dК.
_d2012
_g5
650 7 _a8 Мовознавство. Художня література. Літературознавство
_2UDC
999 _c373784
_d373784